LEADER 01776nam0 22003733i 450 001 RAV0269259 005 20231121125641.0 020 $aIT$b1917 5735 100 $a20081223d1917 ||||0itac50 ba 101 | $aita$cita 102 $ait 181 1$6z01$ai $bxxxe 182 1$6z01$an 200 1 $aGuerra di mare$ain appendice Diario delle operazioni navali italiane$fMaffio Maffii (Marco Fiamma) 210 $aMilano$cAlfieri e Lacroix$dİ1917 215 $a215 p., [10] c. di tav.$cill.$d22 cm. 423 0$12001 $aDiario delle operazioni navali italiane.$1700 1$aMaffii$b, Maffio$3CFIV000634$4070 500 10$aGuerra di mare$3TSA1787997$9CFIV000634$93616177 606 $aMarina Militare Italiana$xGuerra Mondiale 1914-1918$2FIR$3RMLC201590$9I 676 $a940.45945$9Operazioni navali della prima guerra mondiale di specifici paesi.Italia$v21 676 $a940.45945092$9STORIA MILITARE DELLA 1. GUERRA MONDIALE. OPERAZIONI NAVALI ITALIANE. PERSONE$v19 700 1$aMaffii$b, Maffio$3CFIV000634$4070$0194736 790 1$aFiamma$b, Marco$3NAPV112362$zMaffii, Maffio 801 3$aIT$bIT-01$c20081223 850 $aIT-RM028 $aIT-RM0313 $aIT-RM0542 $aIT-FR0017 899 $aBiblioteca Universitaria Alessandrina$bRM028 899 $aBIBLIOTECA CASANATENSE$bRM0313 899 $aBIBLIOTECA DEL MINISTERO DEGLI AFFARI ESTERI$bRM0542 $eN 899 $aBiblioteca umanistica Giorgio Aprea$bFR0017 912 $aRAV0269259 950 0$aBiblioteca umanistica Giorgio Aprea$d 52DES 940 Maf.Gue.$e 52SBA0000158645 VMB RS $fA $h20130709$i20130709 977 $a 01$a 07$a 09$a 52 996 $aGuerra di mare$93616177 997 $aUNICAS LEADER 01397nam0 22003733i 450 001 NAP0569019 005 20251003044256.0 010 $a364201481X 010 $a9783642014819 100 $a20130412d2009 ||||0itac50 ba 101 | $aeng$ceng 102 $ade 181 1$6z01$ai $bxxxe 182 1$6z01$an 183 1$6z01$anc$2RDAcarrier 200 1 $aPrinciples of nanomagnetism$fAlberto P. Guimara?es 210 $aHeidelberg$aNew York$cSpringer$d2009 215 $aXI, 221 p.$cill., in parte color$d24 cm 225 | $aNanoscience and technology 410 0$1001RMS0049020$12001 $aNanoscience and technology$1702 1$aWiesendanger$b, Roland$3AQ1V007627$4340 500 10$aPrinciples of nanomagnetism$3USM0043844$9NAPV127317$9104265 606 $aNanostrutture$xMagnetismo$2FIR$3CFIC260517$9N 606 $aMagnetismo$2FIR$3CFIC023732$9E 676 $a538$9MAGNETISMO$v14 676 $a538.3$9$v22 700 1$aGuimara?es$b, Alberto Passos$3NAPV127317$4070$0447815 801 3$aIT$bIT-000000$c20130412 850 $aIT-BN0095 901 $bNAP 01$cSALA DING $n$ 912 $aNAP0569019 950 0$aBiblioteca Centralizzata di Ateneo$b1 v.$c1 v.$d 01SALA DING 538 GUI.pr$e 0102 0000096315 VMA A4 1 v.$fY $h20130412$i20130412 977 $a 01 996 $aPrinciples of nanomagnetism$9104265 997 $aUNISANNIO